| 000 | 00330 a2200121 4500 | ||
|---|---|---|---|
| 000 | nam a22 7a 4500 | ||
| 005 | 20260207135406.0 | ||
| 020 | _a9789389386479 | ||
| 100 |
_aGyanranjan Gangesh _91114361 |
||
| 245 | _aNari Shiksha vedic kaal se Puran kaal tak Bhag - 1 | ||
| 260 |
_bEastern Book Linkers _c2025 |
||
| 942 | _cTEXL | ||
| 999 |
_c1678905 _d1678905 |
||